Mčanismes de rp̌ression des violations des droits de l'enfant

Detalles Bibliográficos
Autor principal: Bakwanamaha, Jenny
Formato: eBook
Publicado: Pars̕: Éditions Universitaires Europěnes, 2019
Materias:
Acceso en línea:Acceso restringido

MARC

LEADER 00000nam a22000007a 4500
005 20191003223820.0
007 cr|||| ||||
008 191003s2019 fr |||||s|||| 00||0 fra d
020 |a 9786138465300 
035 |a 29167 
040 |a vLex 
090 |c 9703  |d 9703 
100 1 |a Bakwanamaha, Jenny 
245 1 0 |a Mčanismes de rp̌ression des violations des droits de l'enfant  |h [Recurso electrn̤ico] /  |c Jenny Bakwanamaha 
256 |a Servicio en ln̕ea 
260 |a Pars̕:  |b Éditions Universitaires Europěnes,  |c 2019 
300 |a 1 recurso electrn̤ico 
500 |a Il ťait question, durant notre analyse, de nous poser la question sur l'aide et l'assistance que l'on doit apporter aux enfants d'autant plus qu'ils sont vulnřables. De ce fait, nous dirons qu'au fil des temps, la situation de l'enfant n'est pas rest ̌le mm̊e au sein de la sociť.̌ Plusieurs ršultats sont ̉mettre dans les droits des enfants tels que sa reconnaissance comme sujet de droit. Au-del ̉d'une prǒccupation purement humaniste, il est question d’œuvrer pour une cohšion sociale, seul gage de la paix sociale et du dv̌eloppement harmonieux. 
506 1 |a Disponible solo en los productos indicados  |d vLex Global  |d vLex Global (Academic Edition, excluding Law Schools)  |d vLex Global (U.S. Academic Edition, Law Schools)  |d vLex Global (U.S. Academic Edition, excluding Law Schools)  |d vLex Global (Academic Edition, Law Schools) 
650 0 4 |a Derecho Pb︢lico y Administrativo  |z Francia 
740 0 |a vLex Libros (Servicio en ln̕ea) 
856 4 0 |u http://vlex.com/source/29167  |z Acceso restringido 
942 |c BOOK 
999 0 |a Public and Administrative Law